| 000 | 00470nam a2200169 i 4500 | ||
|---|---|---|---|
| 001 | 37279 | ||
| 003 | ES-MaACL | ||
| 005 | 20230906155534.0 | ||
| 007 | t| | ||
| 008 | 030220s1982 sp ||||1| spa d | ||
| 100 | 1 |
_aBustos, Juan. _932921 |
|
| 245 | 1 | 0 |
_aGranada en pasos perdidos / _cJuan Bustos. |
| 260 |
_aGranada : _bAyuntamiento, _c1982. |
||
| 300 |
_a156 p. : _bil. ; _c22 cm. |
||
| 710 | 1 |
_aGranada. _bAyuntamiento. _94486 |
|
| 852 |
_aES-MaACL _jL-3858 _bR.104823 |
||
| 999 |
_c37279 _d37279 |
||